| Tag |
First Indicator |
Second Indicator |
Subfields |
| LEADER |
00000cam a22000008a 4500 |
| 001 |
in00000079099 |
| 005 |
20151008055226.0 |
| 008 |
810615s1981 pau b 00000 eng |
| 010 |
|
|
|a 81011040
|
| 020 |
|
|
|a 0848236785 (lib. bdg.) :
|c $22.50
|
| 035 |
|
|
|a (OCoLC)07574327
|
| 035 |
|
|
|9 AAJ2888AM
|
| 039 |
0 |
|
|a 2
|b 3
|c 3
|d 3
|e 3
|
| 040 |
|
|
|a DLC
|c DLC
|d TXA
|d UtOrBLW
|
| 049 |
|
|
|a TXAM
|c [1672645]
|
| 050 |
0 |
0 |
|a PR4484
|b .R3
|
| 082 |
0 |
|
|a 821/.7
|2 19
|
| 245 |
0 |
0 |
|a Rare early essays on Samuel Taylor Coleridge /
|c edited by Carmen Joseph Dello Buono.
|
| 263 |
|
|
|a 8106
|
| 264 |
|
1 |
|a Darby, Pa. :
|b Norwood Editions,
|c 1981.
|
| 300 |
|
|
|a 205 pages ;
|c 26 cm.
|
| 336 |
|
|
|a text
|b txt
|2 rdacontent
|
| 337 |
|
|
|a unmediated
|b n
|2 rdamedia
|
| 338 |
|
|
|a volume
|b nc
|2 rdacarrier
|
| 490 |
1 |
|
|a Rare early essay series
|
| 504 |
|
|
|a Includes bibliographical references.
|
| 600 |
1 |
0 |
|a Coleridge, Samuel Taylor,
|d 1772-1834
|x Criticism and interpretation.
|
| 700 |
1 |
|
|a Dello Buono, Carmen Joseph.
|
| 830 |
|
0 |
|a Rare early essay series.
|
| 999 |
|
|
|a MARS
|
| 999 |
f |
f |
|s b75e2f28-2ba9-3abb-8710-fec33089e7a9
|i 97106a4d-0cc0-3f09-9b71-e2f64fb4cb00
|t 0
|
| 952 |
f |
f |
|p normal
|a Texas A&M University
|b College Station
|c Sterling C. Evans Library
|d Evans: Library Stacks
|t 0
|e PR4484 .R3
|h Library of Congress classification
|i unmediated -- volume
|m A14806184964
|
| 998 |
f |
f |
|a PR4484 .R3
|t 0
|l Evans: Library Stacks
|